LEADER 01495nas 2200421 n 450 001 990008997910403321 005 20240229084258.0 011 $a0023-8368 035 $a000899791 035 $aFED01000899791 035 $a(Aleph)000899791FED01 035 $a000899791 091 $2CNR$aP 00078412 100 $a20161109a19699999km-y0itaa50------ba 101 0 $afre 102 $aFR 110 $aauu-------- 200 1 $aLangue francaise 207 1$a1969- 210 $aParis$cLarousse 326 $aTrimestrale 452 0$12001$aLangue française 530 0 $aLangue francaise 675 $a840 675 $a801 675 $a804.0 676 $a440 676 $a840.05 801 0$aIT$bACNP$c20090723 859 4 $uhttp://acnp.cib.unibo.it/cgi-ser/start/it/cnr/dc-p1.tcl?catno=51784&person=false&language=ITALIANO&libr=&libr_th=unina1$zBiblioteche che possiedono il periodico 901 $aSE 912 $a990008997910403321 958 $aBRAU. Biblioteca di Ricerca di Area Umanistica$b1969-1977;1981-$c1995;1996;$eFRANCIA 43$fFLFBC 959 $aFLFBC 996 $aLangue française$9649690 997 $aUNINA AP1 8 $6866-01$aNA072 BRAU. Biblioteca di Ricerca di Area Umanistica$bFRANCIA 43$ePiazza Bellini 56/60, 80133 Napoli (NA)$m(081) 2533948$nit AP2 40$aacnp.cib.unibo.it$nACNP Italian Union Catalogue of Serials$uhttp://acnp.cib.unibo.it/cgi-ser/start/it/cnr/df-p.tcl?catno=51784&language=ITALIANO&libr=&person=&B=1&libr_th=unina&proposto=NO LEADER 02902oas 22009373a 450 001 9910625179903321 005 20260127110524.0 011 $a1557-9638 035 $a(DE-599)ZDB2027503-1 035 $a(OCoLC)44507093 035 $a(CONSER) 2005214271 035 $a(CKB)954925405676 035 $a(DE-599)2027503-1 035 $a(EXLCZ)99954925405676 100 $a20000629a19639999 sy a 101 0 $aeng 135 $aurcn||||||||| 181 $ctxt$2rdacontent 182 $cc$2rdamedia 183 $acr$2rdacarrier 200 10$aIEEE transactions on education /$fProfessional Technical Group on Education 210 $aNew York, N.Y. $cInstitute of Electrical and Electronics Engineers 300 $aRefereed/Peer-reviewed 300 $aTitle from IEEExplore homepage (viewed Jun. 29, 2000). 311 08$a0018-9359 517 3 $aI.E.E.E. transactions on education 517 3 $aTransactions on education 531 0 $aIEEE trans. ed. 606 $aTechnical education$vPeriodicals 606 $aElectrical engineering$xStudy and teaching$vPeriodicals 606 $aEnseignement technique$vPe?riodiques 606 $aGe?nie e?lectrique$xE?tude et enseignement$vPe?riodiques 606 $aElectrical engineering$xStudy and teaching$2fast$3(OCoLC)fst01728639 606 $aTechnical education$2fast$3(OCoLC)fst01144838 606 $aIngenieur$2gnd 606 $aAusbildung$2gnd 606 $aZeitschrift$2gnd 606 $aOnline-Ressource$2gnd 606 $aElektronik$2gnd 608 $aPeriodicals.$2fast 615 0$aTechnical education 615 0$aElectrical engineering$xStudy and teaching 615 6$aEnseignement technique 615 6$aGe?nie e?lectrique$xE?tude et enseignement 615 7$aElectrical engineering$xStudy and teaching. 615 7$aTechnical education. 615 7$aIngenieur 615 7$aAusbildung 615 7$aZeitschrift. 615 7$aOnline-Ressource 615 7$aElektronik 676 $a607 712 02$aInstitute of Electrical and Electronics Engineers 712 02$aInstitute of Electrical and Electronics Engineers.$bProfessional Technical Group on Education. 712 02$aInstitute of Electrical and Electronics Engineers.$bEducation Group. 712 02$aIEEE Education Group. 712 02$aIEEE Education Society 801 0$bNTD 801 1$bNTD 801 2$bOCLCQ 801 2$bNSD 801 2$bMUQ 801 2$bOCLCQ 801 2$bOCLCF 801 2$bOCLCO 801 2$bOCLCQ 801 2$bDEFHM 801 2$bOCLCO 801 2$bOCLCA 801 2$bUKMGB 801 2$bVT2 801 2$bOCLCO 801 2$bOCLCQ 801 2$bUAB 801 2$bDLC 801 2$bOCLCL 801 2$bOCLCQ 906 $aJOURNAL 912 $a9910625179903321 996 $aIEEE transactions on education$9793152 997 $aUNINA